000 00663nam a22002177a 4500
005 20251108165317.0
008 250721s9999 xx 000 0 ara d
082 1 4 _a633/بوي
100 1 _aبويمر، كورد
245 1 0 _aمبادئ زراعة المحاصيل الحقلية /
250 _aط2
264 _bجامعة صلاح الدين،
_c[19-].
300 _a244ص
650 1 7 _aالمحاصيل الحقلية
650 1 7 _aالمحاصيل الزراعية
650 1 7 _aالزراعة
700 1 _aأمين، فرهاد أحمد
_eترجمة
700 1 _aعلي، عثمان عمر
_eترجمة
942 _2ddc
_cBK
999 _c24781
_d24781